000 00653nam a2200229 a 4500
001 18818
003 CO-ViMGA
008 141112s2004 ck r 000 u spa d
020 _a9688534862
040 _aCO-ViMGA
_bspa
_cCO-ViMGA
082 0 4 _a371.397 C416
100 1 _aChapela, Luz María
_926846
245 1 0 _aEl Juego en la escuela
260 _aBarcelona :
_bPaidos; 2002
300 _a117 p.
490 _aMaestros y Enseñanza - Paidos
590 _aForma de adquisición : Premio Min - cultura
650 1 4 _aJUEGOS EDUCATIVOS
_918447
650 1 4 _aJUEGOS INFANTILES - ENSEÑANZA
_926847
650 1 4 _aJUEGOS RECREATIVOS
942 _2ddc
_cBK
999 _c28047
_d28047